000 00447nam a2200193Ia 4500
005 20240823025922.0
008 240823s9999||||xx |||||||||||||| ||und||
020 _a978-81-8489-306-9
041 _aENGLISH
082 _A620.5 P9
100 _a"Ohno,Kaoru Ed. & et al."
245 0 _aNano and Micromaterials
250 _a1st
260 _c2009
_bSpr
500 _aYES
650 _aNano
_bNano Technology
942 _cBK
999 _c187462
_d187462